000 00617 a2200205 4500
005 20120305122222.0
008 120305t xxu||||| |||| 00| 0 eng d
080 _a512
_bHAZ
100 _aHazewinkel, M., ed.
_eed.by
_919489
245 _aHandbook of algebra
300 _axxv, 610p.
653 _aAlgebra
653 _aLinear algebra
653 _aApplied algebra
942 _cBK
260 _aAmsterdam
_bElsevier
_c2009
_913256
500 _av.6
020 _a9780444532572
952 _w2011-03-14
_p00065950
_v0.00
_r2011-03-14
_40
_e92
_00
_bUL
_10
_o512 HAZ
_d2011-03-14
_70
_cGEN
_2udc
_g0.00
_yBK
_aUL
999 _c68848
_d68847